000 01611cam a22004217a 4500
003 CHAP
005 20220817043911.0
008 030728s2003 mx a r 00010 spa d
010 _a87457
011 _a88429
035 _a98974
040 _cCHAP
090 _aTesis
100 0 0 _aArce Espino, Consepcion.
_96767
245 1 0 _aEvaluación del avance genético por resistencia en frijol contra Xanthomonas axanopodis pv. phaseoli mejorados por métodos cuantitativos
_c/por Consepción Arce Espino
260 _aChapingo, Méx. :
_bEl autor,
_c2003.
300 _a51 h. ;
_bilus. ; gráfs.
502 _aTesis (M.C. en Protección Vegetal) -- UACH. Departamento de Parasitología Agrícola
530 _aTambién disponible en línea
590 _aALEPH
_b10
_c20130110
_lUCH01
_h1454
590 _aBATCH-UPD
_b10
_c20130110
_lUCH01
_h1735
590 _aBATCH-UPD
_b10
_c20130410
_lUCH01
_h1116
590 _aBATCH-UPD
_b10
_c20130914
_lUCH01
_h1443
590 _aBATCH-UPD
_b10
_c20140324
_lUCH01
_h1439
590 _aBATCH-UPD
_b10
_c20141002
_lUCH01
_h0819
590 _aBATCH
_b00
_c20181121
_lUCH01
_h0758
590 _aCONVERSION
_b10
_c20130109
_lUCH01
_h1348
650 1 4 _aFrijol
_xGenética.
650 1 4 _aFrijol
_xVariedades resistentes a enfermedades.
_943447
650 1 4 _aXanthomonas.
_9122882
856 _3Finding aid
_uhttp://10.13.5.2/tesis/98974.pdf
_zTeclea aqui
856 _a1
_n0000452
901 _aBK
905 _aMayto Villalobos S.
942 _cFOLL
949 _aTesis
_bBC
_cTES
_d33724000898763
_eTS2
_fc.2
_h41116
_i98974
_sb
949 _aTesis
_bBC
_cTES
_d98974123
_eTS1
_h41115
_i98974
_sb
999 _c87457
_d87457